000 00245nam a22001217a 4500
008 170401b xxu||||| |||| 00| 0 eng d
041 _aeng
080 _a574
100 _a9
101 _aSHM
245 _aECOLOGY
_cMOLLES, M.C
942 _2udc
_cBK
999 _c9413
_d9413